[Event "ROM-ch U12"]
[Site "Calimanesti"]
[Date "2015.04.01"]
[Round "3"]
[White "Taga, Stefan"]
[Black "Purece, Victor"]
[Result "1-0"]
[WhiteElo "1762"]
[BlackElo "1468"]
[PlyCount "79"]
[EventDate "2015.03.30"]
[EventType "swiss"]
[EventRounds "9"]
[EventCountry "ROU"]
[SourceTitle "CBM 165 Extra"]
[Source "ChessBase"]
[SourceDate "2015.04.21"]
[SourceVersion "1"]
[SourceVersionDate "2015.04.21"]
[SourceQuality "1"]

1. e4 c5 2. Nf3 Nc6 3. d4 cxd4 4. Nxd4 g6 5. c4 Bg7 6. Be3 d6 7. Nc3 Nh6 8. f3 f5 9. Qd2 f4 10. Bf2 0-0 11. Be2 Qc7 12. Nd5 Qd7 13. 0-0 g5 14. h3 e6 15. Nc3 Nf7 16. Rfd1 a6 17. a3 Qc7 18. b4 Nce5 19. Rac1 Qe7 20. Na4 Nd7 21. Nb3 Qd8 22. Qa2 Rb8 23. c5 dxc5 24. Nbxc5 Qe7 25. Nxd7 Bxd7 26. Bc5 Qe8 27. Nb6 Ba4 28. Nxa4 Qxa4 29. Bxf8 Bxf8 30. Bc4 Qc6 31. Bxe6 Qb6+ 32. Kh1 Qe3 33. Rc7 h6 34. Bxf7+ Kh8 35. Rcd7 Rc8 36. Rd8 Rxd8 37. Rxd8 Kh7 38. Bg8+ Kh8 39. Be6 Kh7 40. Bf5+ 1-0

[Event "ROM-ch U10"]
[Site "Calimanesti"]
[Date "2014.04.09"]
[Round "5"]
[White "Antonica, Dragos Andrei"]
[Black "Taga, Stefan"]
[Result "1-0"]
[WhiteElo "1541"]
[BlackElo "1765"]
[PlyCount "59"]
[EventDate "2014.04.06"]
[EventType "swiss"]
[EventRounds "9"]
[EventCountry "ROU"]
[SourceTitle "CBM 160 Extra"]
[Source "ChessBase"]
[SourceDate "2014.07.01"]
[SourceVersion "1"]
[SourceVersionDate "2014.07.01"]
[SourceQuality "1"]

1. Nf3 Nf6 2. d4 c5 3. g3 cxd4 4. Nxd4 e5 5. Nf3 Nc6 6. Bg2 d5 7. Bg5 Be6 8. 0-0 Bb4 9. c3 Be7 10. Nbd2 0-0 11. Re1 h6 12. Bxf6 Bxf6 13. Nb3 Qb6 14. e3 Rad8 15. Qc2 Rc8 16. Qd1 Rfd8 17. Rc1 a5 18. Re2 e4 19. Ne1 a4 20. Nd4 Bxd4 21. cxd4 Qa6 22. Rec2 a3 23. Bf1 Qa8 24. bxa3 Qxa3 25. Rc3 Qxa2 26. Ra1 Bg4 27. Qc1 Nb4 28. Rxa2 Nxa2 29. Rxc8 Rxc8 30. Qb2 1-0

[Event "ROM-ch U10"]
[Site "Calimanesti"]
[Date "2013.04.02"]
[Round "1"]
[White "Taga, Stefan"]
[Black "Isfan, Ioan Marius"]
[Result "0-1"]
[WhiteElo "1743"]
[BlackElo "1438"]
[PlyCount "86"]
[EventDate "2013.04.02"]
[EventType "swiss"]
[EventRounds "9"]
[EventCountry "ROU"]
[SourceTitle "CBM 153 Extra"]
[Source "ChessBase"]
[SourceDate "2013.04.22"]
[SourceVersion "1"]
[SourceVersionDate "2013.04.22"]
[SourceQuality "1"]

1. e4 c5 2. c3 Nc6 3. d4 cxd4 4. cxd4 d6 5. Nc3 Nf6 6. Be2 g6 7. Nf3 Bg7 8. 0-0 0-0 9. h3 a6 10. Be3 b5 11. a3 Nd7 12. Rc1 Bb7 13. Re1 Rc8 14. Qd2 Na5 15. Qd1 Nc4 16. Bxc4 Rxc4 17. Qd2 Qa8 18. Bh6 Nb6 19. Bxg7 Kxg7 20. Qf4 f6 21. Qe3 Rc7 22. Nd2 Rfc8 23. Ne2 Rxc1 24. Rxc1 Rxc1+ 25. Nxc1 Qc8 26. Nd3 Nc4 27. Nxc4 Qxc4 28. f3 Qb3 29. Qd2 Qc4 30. Nf2 Bc8 31. Kh2 Bd7 32. Kg3 Qc7 33. d5 e6 34. Ng4 g5 35. Qd4 e5 36. Qd2 Bxg4 37. Kxg4 Kg6 38. Kg3 h6 39. Qb4 Qb6 40. Qc3 Qc5 41. Qa5 Qg1 42. Qxa6 h5 43. h4 gxh4+ 0-1